| 000 | 00758nam a2200205 i 4500 | ||
|---|---|---|---|
| 001 | 54043 | ||
| 003 | ES-MaACL | ||
| 005 | 20230906162901.0 | ||
| 007 | t| | ||
| 008 | 960711s1876 xxu ||||1| spa d | ||
| 040 |
_aCAM _bspa _cCAM |
||
| 100 | 1 |
_aFerrer de Couto, José. _950453 |
|
| 245 | 1 | 3 |
_aLa verdad _b: [defensa propia contra un libelo infamatorio publicado por D. Enrique Muñiz] / _c[José Ferrer de Couto]. |
| 260 |
_aNueva York : _b[s.n.], _c1876 ( _fimprenta de "El cronista") |
||
| 300 |
_a102 p. ; _c22 cm. |
||
| 500 | _aEl autor consta al final del texto. | ||
| 600 | 1 | 4 |
_aMuñiz, Enrique. _tNuestra defensa. _9159447 |
| 852 |
_aES-MaACL _jT-376-F-21 |
||
| 852 |
_aES-MaACL _jT-206-F-7 _z.- Enc. en un vol. facticio falto de la cub. original |
||
| 999 |
_c54043 _d54043 |
||